000 01112cam a2200217 4500
001 WB3802-26
008 020115n2002 000 0 eng u
035 _a(Sirsi) u116290
245 _aCall for third party rights of appeal
260 _c2002
490 _aCPRE Press Release
_v(01/02) 9 January 2002, (2)
520 _aA report funded by a number of environmental and amenity groups examines the case for third party rights of appeal. "Third party rights of appeal in planning" argues that in some circumstances people should have similar rights to developers to challenge planning decisions and be able to appeal against a grant of planning consentfor a development they oppose. Available from CPRE publications priced £10. T: 020 7976 6433; E: [email protected]. An executive summary is available free on request.
590 _aWB
650 _aPLANNING LAW
650 _aTHIRD PARTY RIGHT OF APPEAL
650 _aPLANNING SYSTEM
650 _aPLANNING GREEN PAPER
650 _aPLANNING DECISIONS
690 _aENVIRONMENTAL AND LAND CONSULTANCY-PLANNING AND DEVELOPMENT
942 _n0
999 _c69274
_d69274